000 01642nab a2200241 i 4500
003 BR-BrBNA
005 20250505124630.0
008 250505b2017 bl.qr|pooa||| 00| 0 por |
040 _aBR-BrBNA
_bpor
072 _aF70
100 _aIlkiu-Borges, Anna Luiza
100 _aOliveira-da-Silva, Fúvio Rubens
245 _aFlora das cangas da Serra dos Carajás, Pará, Brasil: Cephaloziaceae
500 _aPublicação on-line; 3 ref.; 1 illus.; Summaries (En, Pt)
520 _a Resumo Este estudo representa um tratamento para Cephaloziaceae registrada nas áreas de canga na Serra dos Carajás, no estado do Pará, incluindo a descrição detalhada, ilustração e comentários morfológicos sobre a espécie Odontoschisma variabile, única registrada na área de estudo. Palavras-chave: Brioflora, FLONA Carajás, hepáticas, taxonomia. Abstract This study represents a treatment for Cephaloziaceae recorded in the areas of cangas in Serra dos Carajás, Pará state, including a detailed description, illustration and morphologic comment on the species Odontoschisma variabile, the only one recorded in the study area. Key words: Bryoflora, FLONA Carajás, liverworts, taxonomy
650 _aCARAJÁS
650 _aTAXONOMIA
650 _aESPÉCIE
773 0 _0709
_9350025
_dRio de Janeiro-RJ Jardim Botanico do Rio de Janeiro 1935
_o2025-2634
_tRodriguésia (Brazil)
_x0370-6583; 2175-7860 on-line
_gv. 68(3 special number) p. 803-805; (2017)
_wBR2025000820
856 _uhttps://www.scielo.br/j/rod/a/ptzkD8KfNmQSgTxYHhwH8Jt/?format=pdf&lang=pt
942 _cANA
999 _c331312
_d331312